01486 2200289 4500001002100000005001500021035002000036008004100056020001800097041000800115082001200123084001600135100004800151245013700199260004600336300004600382500002300428520055400451650002301005650001801028990002501046990002501071990002501096990002501121990002501146990002501171INLIS00000000000275620221013021143 a0010-0520002756221013 | | eng  a0-534-63648-9 aeng a303.482 a303.482 GLO0 aGlobalization and Change in Fifteen Culture1 aGlobalization and Change in Fifteen Culture : Born in One World, Living in Another /cSpindler, George; Stockard, Janice E. (Editor) aUnited States of America :bThomas,c2007 a380p :bxxvii,380p.;illus.;23 cm ;c23 cm aIndeks : P.373-380 aAt the opening of the twenty-first century, vast cultural flows of people, information, good, and technology are in motion around the globe. With this globalization has come an intensification and an acceleration in the frequency of " border crossing." in journeys both real and virtual, more people are now moving beyond their own nations and culture territories, generating unprecedented level of cross-cultural contact and encounter.In this volume, 15 antrhropologists analyze the effects of globalization and change on cultures around the world. 4aCultural Relations 4aSocial Change a09765/MKRI-p/XI-2008 a09766/MKRI-p/XI-2008 a09765/MKRI-p/XI-2008 a09766/MKRI-p/XI-2008 a09766/MKRI-p/XI-2008 a09765/MKRI-p/XI-2008